Religion Quiz

Random Religion Quiz
Score 0/120 Timer 08:00
0 Plays Today
% Correct
Jesus,
100%
come
100%
to
100%
us;
100%
us
100%
to
100%
Jesus,
100%
us,
100%
come
100%
to
100%
us
100%
Jesus,
100%
come
100%
to
100%
us;
100%
us
100%
to
100%
Jesus,
100%
us,
100%
come
100%
to
100%
us;
100%
Jesus,
100%
come
100%
to
100%
us;
100%
us
100%
to
100%
Jesus,
100%
us,
100%
us
100%
to
100%
come
100%
to
100%
us.
100%
Jesus,
100%
come
100%
to
100%
us;
100%
us
100%
% Correct
to
100%
Jesus,
100%
us,
100%
and
87.5%
in
87.5%
for
75%
you.
75%
you,
75%
for
75%
you.
75%
you
75%
for
75%
You
75%
for
75%
you.
75%
you
75%
you;
75%
for
75%
you.
75%
your
62.5%
we
62.5%
Lord,
62.5%
we
62.5%
our
62.5%
all
62.5%
your
62.5%
love.
62.5%
your
62.5%
we
62.5%
Lord,
62.5%
we
62.5%
your
62.5%
we
62.5%
your
62.5%
we
62.5%
Lord,
62.5%
your
62.5%
all.
62.5%
We
62.5%
your
62.5%
% Correct
we
62.5%
lead
50%
light.
50%
be
50%
with
50%
listen
50%
prayer.
50%
with
50%
lead
50%
light.
50%
be
50%
with
50%
praise
50%
will
50%
be
50%
with
50%
this
50%
lead
50%
light.
50%
be
50%
with
50%
lead
50%
light.
50%
be
50%
with
50%
need
37.5%
before
37.5%
Fill
37.5%
hope
37.5%
need
37.5%
faithfulness
37.5%
through
37.5%
know.
37.5%
need
37.5%
give
37.5%
glory
37.5%
believe
37.5%
need
37.5%
night.
25%
wonders,
25%
Come Together.
Have Fun.
All Virtual.
We all need to come together. Play Sporcle's virtual live trivia to have fun, connect with people, and get your trivia on. Join a live hosted trivia game for your favorite pub trivia experience done virtually. If a virtual private party is more your thing, go here for details.

You're not logged in!

Compare scores with friends on all Sporcle quizzes.
OR
Log In

Sporcle TV

Today on Sporcle TV


Watch our educational content, quiz creation guides, and fun videos on Sporcle TV.

Show Comments

Extras

Created Dec 3, 2017ReportNominate
Tags:Advent, catholic, Hymn

Top Quizzes Today


Score Distribution

Paid Content

Your Account Isn't Verified!

In order to create a playlist on Sporcle, you need to verify the email address you used during registration. Go to your Sporcle Settings to finish the process.

Report this User

Report this user for behavior that violates our Community Guidelines.

Details: